Statistiques concernant Livres par synonymes n°3

Cliquez ici pour prendre le quiz!

Statistiques générales

  • Ce quiz a été pris 444 fois
  • Le résultat moyen est 4 sur 10

Statistiques - réponses

Titres détournésTitres% Correct
Dizaine de Noirs chétifsDix petits Nègres
80%
... ... et le Trophée enflamméHarry Potter et la Coupe de feu
80%
Le FauveLe Lion
71%
De la Planète bleue à SélénéDe la Terre à la Lune
58%
Apostix chez les SuisseAstérix chez les Helvètes
50%
Les Monarchies SeptentrionalesLes Royaumes du Nord
25%
Les Jeunes Enfants exemplairesLes Petites Filles modèles
23%
Le Commandant PulvériseLe Capitaine Fracasse
17%
La Richesse des ...La Fortune des Rougon
14%
Comte Jean ou l'Orgie de CaillouxDom Juan ou le Festin de Pierre
8%

Distribution des résultats

Percentile par nombre de réponses

% des personnes avec chaque résultat

Votre développement - résultats

Vous n’avez pas pris ce quiz